[Event "Guimaraes Open 2019"]
[Site "Guimaraes"]
[Date "2019.08.31"]
[Round "5.6"]
[White "Pipiras, Filipa Fortuna"]
[Black "Portela Peleteiro, Alberto"]
[Result "0-1"]
[WhiteElo "1959"]
[BlackElo "2375"]
[Annotator "NA"]
[PlyCount "118"]
[EventDate "2019.08.28"]
[EventType "swiss"]
[EventCountry "POR"]
[SourceTitle "playchess.com"]
[Source "ChessBase"]
[SourceQuality "1"]
[TimeControl "5400+30"]

1. d4 {[%emt 0:02:44]} d5 {[%emt 0:00:00]} 2. c4 {[%emt 0:00:17]} e6 {[%emt 0:00:00]} 3. Nc3 {[%emt 0:00:28]} c6 {[%emt 0:00:00]} 4. Bf4 {[%emt 0:06:00]} dxc4 {[%emt 0:00:33]} 5. a4 {[%emt 0:00:48]} Bb4 {[%emt 0:00:22]} 6. e3 {[%emt 0:01:08]} Nf6 {[%emt 0:02:30]} 7. Bxc4 {[%emt 0:02:11]} Nd5 {[%emt 0:00:07]} 8. Nge2 {[%emt 0:02:00]} Nxf4 {[%emt 0:00:06]} 9. exf4 {[%emt 0:02:29]} b6 {[%emt 0:05:27]} 10. O-O {[%emt 0:01:59]} O-O {[%emt 0:00:04]} 11. Bd3 {[%emt 0:09:38]} Bb7 {[%emt 0:11:41]} 12. Qc2 {[%emt 0:02:05]} g6 {[%emt 0:05:10]} 13. Rfd1 {[%emt 0:01:45]} Nd7 {[%emt 0:00:22]} 14. Ne4 {[%emt 0:07:58]} Rc8 {[%emt 0:03:27]} 15. Qb3 {[%emt 0:02:04]} Qe7 {[%emt 0:03:58]} 16. Rac1 {[%emt 0:04:12]} a5 {[%emt 0:09:42]} 17. N2c3 {[%emt 0:05:26]} c5 {[%emt 0:16:35]} 18. dxc5 {[%emt 0:13:59]} bxc5 {[%emt 0:01:50]} 19. Bb5 {[%emt 0:10:13]} Nb6 {[%emt 0:15:25]} 20. Nd6 {[%emt 0:02:12]} Rcd8 {[%emt 0:00:07]} 21. Nxb7 {[%emt 0:00:14]} Qxb7 {[%emt 0:00:07]} 22. g3 {[%emt 0:05:20]} Rd4 {[%emt 0:11:08]} 23. Ne2 {[%emt 0:02:13]} Rxd1+ {[%emt 0:01:53]} 24. Rxd1 {[%emt 0:00:31]} Rc8 {[%emt 0:00:08]} 25. Qc2 {[%emt 0:04:48]} c4 {[%emt 0:00:04]} 26. Nc3 {[%emt 0:01:56]} Qf3 {[%emt 0:03:53]} 27. Qe4 {[%emt 0:03:06]} Qxe4 {[%emt 0:00:02]} 28. Nxe4 {[%emt 0:00:01]} Kg7 {[%emt 0:01:28]} 29. Kf1 {[%emt 0:00:37]} Nd5 {[%emt 0:03:40]} 30. Rd4 {[%emt 0:01:03]} c3 {[%emt 0:00:26]} 31. bxc3 {[%emt 0:00:05]} Bxc3 {[%emt 0:00:20]} 32. Rc4 {[%emt 0:00:50]} Rxc4 {[%emt 0:00:32]} 33. Bxc4 {[%emt 0:00:01]} Bb4 {[%emt 0:00:01]} 34. Bb5 {[%emt 0:01:04]} h6 {[%emt 0:02:10]} 35. Ke2 {[%emt 0:01:00]} f5 {[%emt 0:02:53]} 36. Nd2 {[%emt 0:00:10]} Kf6 {[%emt 0:00:48]} 37. Bc6 {[%emt 0:01:36]} Bxd2 {[%emt 0:00:45]} 38. Kxd2 {[%emt 0:02:30]} Nb4 {[%emt 0:00:01]} 39. Be8 {[%emt 0:00:17]} g5 {[%emt 0:00:07]} 40. fxg5+ {[%emt 0:00:30]} hxg5 {[%emt 0:01:19]} 41. h4 {[%emt 0:01:03]} gxh4 {[%emt 0:00:01]} 42. gxh4 {[%emt 0:00:02]} Nd5 {[%emt 0:00:06]} 43. h5 {[%emt 0:00:24]} Kg5 {[%emt 0:00:23]} 44. Kd3 {[%emt 0:01:09]} Nf6 {[%emt 0:00:30]} 45. Bf7 {[%emt 0:00:47]} e5 {[%emt 0:00:50]} 46. Kc4 {[%emt 0:00:15]} Ne4 {[%emt 0:00:28]} 47. Kd5 {[%emt 0:01:20]} Kf6 {[%emt 0:01:00]} 48. Be8 {[%emt 0:00:28]} Nxf2 {[%emt 0:00:01]} 49. h6 {[%emt 0:00:08]} e4 {[%emt 0:00:44]} 50. Kd4 {[%emt 0:00:43]} Ng4 {[%emt 0:00:20]} 51. h7 {[%emt 0:00:18]} Kg7 {[%emt 0:00:01]} 52. Bg6 {[%emt 0:00:30]} e3 {[%emt 0:00:08]} 53. Bxf5 {[%emt 0:01:12]} e2 {[%emt 0:00:04]} 54. Bxg4 {[%emt 0:00:09]} e1=Q {[%emt 0:00:05]} 55. Kd5 {[%emt 0:00:24]} Qd2+ {[%emt 0:00:43]} 56. Ke6 {[%emt 0:00:34]} Qe3+ {[%emt 0:00:15]} 57. Kf5 {[%emt 0:00:14]} Qd4 {[%emt 0:00:13]} 58. Kg5 {[%emt 0:00:24]} Qxa4 {[%emt 0:00:11]} 59. Bf5 {[%emt 0:00:37]} Qb4 {[%emt 0:00:09]} 0-1

[Event "Guimaraes Open 2019"]
[Site "Guimaraes"]
[Date "2019.08.31"]
[Round "5.7"]
[White "Galego, Luis Miguel A Brito"]
[Black "Marques, Ricardo Taborda Trig"]
[Result "1-0"]
[WhiteElo "2506"]
[BlackElo "1958"]
[Annotator "ChessBase"]
[PlyCount "58"]
[EventDate "2019.08.28"]
[EventType "swiss"]
[EventCountry "POR"]
[SourceTitle "playchess.com"]
[Source "ChessBase"]
[SourceQuality "1"]
[TimeControl "5400+30"]

1. e4 e5 {[%emt 0:00:00]} 2. Nf3 {[%emt 0:02:29]} Nc6 {[%emt 0:00:01]} 3. Bb5 {[%emt 0:00:14]} Nf6 {[%emt 0:01:19]} 4. d3 {[%emt 0:00:50]} Bc5 {[%emt 0:00:09]} 5. c3 {[%emt 0:00:33]} O-O {[%emt 0:00:42]} 6. O-O {[%emt 0:01:38]} d6 {[%emt 0:04:43]} 7. h3 {[%emt 0:02:24]} a6 {[%emt 0:04:27]} 8. Bxc6 {[%emt 0:01:41]} bxc6 {[%emt 0:00:05]} 9. Re1 {[%emt 0:01:01]} Ba7 {[%emt 0:08:15]} 10. Be3 {[%emt 0:00:52]} Re8 {[%emt 0:01:10]} 11. Bxa7 {[%emt 0:00:40]} Rxa7 {[%emt 0:00:06]} 12. Nbd2 {[%emt 0:01:13]} c5 {[%emt 0:01:08]} 13. Rc1 {[%emt 0:04:20]} Rb7 {[%emt 0:08:51]} 14. Qc2 {[%emt 0:01:09]} Nh5 {[%emt 0:09:01]} 15. Re3 {[%emt 0:11:02]} Nf4 {[%emt 0:10:11]} 16. Kh2 {[%emt 0:09:22]} Qf6 {[%emt 0:02:37]} 17. a3 {[%emt 0:09:10]} Qh6 {[%emt 0:04:12]} 18. Ng1 {[%emt 0:00:49]} g5 {[%emt 0:01:25]} 19. b4 {[%emt 0:01:10]} g4 {[%emt 0:02:14]} 20. bxc5 {[%emt 0:07:34]} dxc5 {[%emt 0:07:02]} 21. Nc4 {[%emt 0:00:15]} Re6 {[%emt 0:03:15]} 22. Rb1 {[%emt 0:01:50]} Rg6 {[%emt 0:06:49]} 23. Rxb7 {[%emt 0:00:53]} Bxb7 {[%emt 0:03:10]} 24. Qb2 {[%emt 0:02:53]} Bc6 {[%emt 0:03:46]} 25. Qb8+ {[%emt 0:00:57]} Kg7 {[%emt 0:00:09]} 26. Qxc7 {[%emt 0:00:11]} Nxg2 {[%emt 0:00:40]} 27. Qxe5+ {[%emt 0:00:29]} Kf8 {[%emt 0:00:20]} 28. Kxg2 {[%emt 0:01:02]} gxh3+ {[%emt 0:00:09]} 29. Kh1 {[%emt 0:00:36]} h2 {[%emt 0:03:26]} 1-0

[Event "Guimaraes Open 2019"]
[Site "Guimaraes"]
[Date "2019.08.31"]
[Round "5.8"]
[White "De Prado Rodriguez, Oscar Bruno"]
[Black "Espineira Gonzalez, Diego"]
[Result "0-1"]
[WhiteElo "2155"]
[BlackElo "2362"]
[Annotator "NA"]
[PlyCount "106"]
[EventDate "2019.08.28"]
[EventType "swiss"]
[EventCountry "POR"]
[SourceTitle "playchess.com"]
[Source "ChessBase"]
[SourceQuality "1"]
[TimeControl "5400+30"]

1. d4 {[%emt 0:09:11]} c5 {[%emt 0:00:00]} 2. c3 {[%emt 0:00:16]} d5 {[%emt 0:01:16]} 3. Bf4 {[%emt 0:00:56]} Nc6 {[%emt 0:01:26]} 4. e3 {[%emt 0:00:23]} Nf6 {[%emt 0:00:46]} 5. Nd2 {[%emt 0:00:22]} e6 {[%emt 0:00:54]} 6. Ngf3 {[%emt 0:01:00]} cxd4 {[%emt 0:00:28]} 7. exd4 {[%emt 0:00:39]} Nh5 {[%emt 0:01:52]} 8. Be3 {[%emt 0:00:07]} Bd6 {[%emt 0:00:13]} 9. g3 {[%emt 0:00:07]} Nf6 {[%emt 0:04:50]} 10. Bd3 {[%emt 0:05:30]} Ng4 {[%emt 0:06:05]} 11. Bg5 {[%emt 0:07:50]} f6 {[%emt 0:03:38]} 12. Ng1 {[%emt 0:03:14]} Nxf2 {[%emt 0:08:20]} 13. Kxf2 {[%emt 0:02:51]} fxg5 {[%emt 0:00:16]} 14. Qh5+ {[%emt 0:00:06]} Kd7 {[%emt 0:00:14]} 15. Ngf3 {[%emt 0:00:33]} h6 {[%emt 0:00:28]} 16. Rae1 {[%emt 0:01:26]} Kc7 {[%emt 0:02:24]} 17. Kg2 {[%emt 0:02:29]} Bd7 {[%emt 0:01:14]} 18. b4 {[%emt 0:00:27]} Rc8 {[%emt 0:02:09]} 19. Nb3 {[%emt 0:00:37]} Kb8 {[%emt 0:01:20]} 20. Nc5 {[%emt 0:00:49]} Bxc5 {[%emt 0:00:08]} 21. dxc5 {[%emt 0:00:56]} a6 {[%emt 0:05:24]} 22. a4 {[%emt 0:04:40]} e5 {[%emt 0:00:56]} 23. Nxe5 {[%emt 0:03:55]} Nxe5 {[%emt 0:00:25]} 24. Rxe5 {[%emt 0:00:05]} Bxa4 {[%emt 0:00:06]} 25. Rhe1 {[%emt 0:02:48]} Qf6 {[%emt 0:01:49]} 26. Bf5 {[%emt 0:14:27]} Rcd8 {[%emt 0:03:03]} 27. Qg4 {[%emt 0:08:19]} d4 {[%emt 0:14:52]} 28. cxd4 {[%emt 0:01:06]} Bc6+ {[%emt 0:00:11]} 29. Kg1 {[%emt 0:04:23]} g6 {[%emt 0:00:58]} 30. Bd3 {[%emt 0:01:38]} Rhf8 {[%emt 0:04:20]} 31. Rf1 {[%emt 0:00:35]} Bf3 {[%emt 0:00:07]} 32. Qe6 {[%emt 0:01:51]} Rxd4 {[%emt 0:00:13]} 33. Bxg6 {[%emt 0:02:49]} Rd2 {[%emt 0:02:37]} 34. Qxf6 {[%emt 0:04:58]} Rxf6 {[%emt 0:00:24]} 35. Re8+ {[%emt 0:04:51]} Ka7 {[%emt 0:00:22]} 36. b5 {[%emt 0:06:38]} Rg2+ {[%emt 0:01:06]} 37. Kh1 {[%emt 0:00:02]} Rf2+ {[%emt 0:00:17]} 38. Kg1 {[%emt 0:00:01]} Rxf1+ {[%emt 0:00:09]} 39. Kxf1 {[%emt 0:00:03]} Bc6+ {[%emt 0:00:35]} 40. Kg1 {[%emt 0:00:07]} Bxe8 {[%emt 0:00:04]} 41. b6+ {[%emt 0:00:31]} Kb8 {[%emt 0:00:05]} 42. Bxe8 {[%emt 0:00:03]} Rf5 {[%emt 0:00:09]} 43. c6 {[%emt 0:00:07]} bxc6 {[%emt 0:00:04]} 44. Bxc6 {[%emt 0:00:04]} Rf6 {[%emt 0:00:08]} 45. Be8 {[%emt 0:00:20]} Rxb6 {[%emt 0:00:08]} 46. Kg2 {[%emt 0:00:02]} Kc7 {[%emt 0:00:13]} 47. Kh3 {[%emt 0:00:04]} a5 {[%emt 0:00:24]} 48. Kg4 {[%emt 0:00:06]} Kd6 {[%emt 0:00:21]} 49. Kh5 {[%emt 0:00:10]} Kc5 {[%emt 0:00:06]} 50. h4 {[%emt 0:00:15]} gxh4 {[%emt 0:00:06]} 51. gxh4 {[%emt 0:00:17]} Kb4 {[%emt 0:00:06]} 52. Bg6 {[%emt 0:00:56]} a4 {[%emt 0:00:06]} 53. Kxh6 {[%emt 0:00:06]} a3 {[%emt 0:00:07]} 0-1

[Event "Guimaraes Open 2019"]
[Site "Guimaraes"]
[Date "2019.08.31"]
[Round "5.9"]
[White "Patino Romaris, Juan Roberto"]
[Black "Veiga, Jose Francisco Reis"]
[Result "0-1"]
[WhiteElo "2141"]
[BlackElo "2346"]
[Annotator "NA"]
[PlyCount "116"]
[EventDate "2019.08.28"]
[EventType "swiss"]
[EventCountry "POR"]
[SourceTitle "playchess.com"]
[Source "ChessBase"]
[SourceQuality "1"]
[TimeControl "5400+30"]

1. Nf3 {[%emt 0:00:00]} Nf6 {[%emt 0:00:35]} 2. g3 {[%emt 0:00:07]} c5 {[%emt 0:00:21]} 3. Bg2 {[%emt 0:00:11]} e6 {[%emt 0:00:29]} 4. O-O {[%emt 0:00:49]} Be7 {[%emt 0:00:10]} 5. d3 {[%emt 0:01:09]} O-O {[%emt 0:00:27]} 6. e4 {[%emt 0:00:26]} d6 {[%emt 0:00:16]} 7. Re1 {[%emt 0:01:21]} Nc6 {[%emt 0:00:27]} 8. c3 {[%emt 0:02:14]} e5 {[%emt 0:02:04]} 9. Nbd2 {[%emt 0:03:02]} Rb8 {[%emt 0:00:39]} 10. a4 {[%emt 0:01:58]} a6 {[%emt 0:00:31]} 11. Nc4 {[%emt 0:06:31]} b5 {[%emt 0:02:12]} 12. axb5 {[%emt 0:00:11]} axb5 {[%emt 0:00:03]} 13. Ne3 {[%emt 0:00:13]} Re8 {[%emt 0:00:57]} 14. Nh4 {[%emt 0:12:00]} g6 {[%emt 0:01:13]} 15. Nf3 {[%emt 0:05:55]} Bf8 {[%emt 0:00:46]} 16. h3 {[%emt 0:02:27]} Bg7 {[%emt 0:00:27]} 17. Nh2 {[%emt 0:04:15]} Be6 {[%emt 0:13:28]} 18. Nhg4 {[%emt 0:01:35]} Nxg4 {[%emt 0:01:23]} 19. hxg4 {[%emt 0:00:52]} Ne7 {[%emt 0:03:55]} 20. Nd5 {[%emt 0:08:29]} Qd7 {[%emt 0:04:53]} 21. g5 {[%emt 0:03:17]} Nxd5 {[%emt 0:04:10]} 22. exd5 {[%emt 0:00:42]} Bf5 {[%emt 0:00:03]} 23. Be4 {[%emt 0:02:40]} Ra8 {[%emt 0:03:45]} 24. Be3 {[%emt 0:03:19]} Rxa1 {[%emt 0:01:18]} 25. Qxa1 {[%emt 0:00:02]} Qb7 {[%emt 0:00:24]} 26. Qd1 {[%emt 0:03:43]} Bd7 {[%emt 0:02:02]} 27. Kg2 {[%emt 0:01:57]} Ra8 {[%emt 0:02:30]} 28. Rh1 {[%emt 0:01:46]} c4 {[%emt 0:02:17]} 29. Qe2 {[%emt 0:05:29]} Ra4 {[%emt 0:00:45]} 30. Bd2 {[%emt 0:04:22]} Ra2 {[%emt 0:13:44]} 31. Rb1 {[%emt 0:03:47]} Bf8 {[%emt 0:03:18]} 32. Qf3 {[%emt 0:03:28]} Be7 {[%emt 0:01:15]} 33. Qe2 {[%emt 0:03:39]} Ra4 {[%emt 0:01:54]} 34. Qf3 {[%emt 0:00:38]} cxd3 {[%emt 0:00:25]} 35. Rh1 {[%emt 0:04:13]} Rxe4 {[%emt 0:00:48]} 36. Qxe4 {[%emt 0:00:03]} Be6 {[%emt 0:00:05]} 37. f3 {[%emt 0:05:02]} Bxd5 {[%emt 0:00:01]} 38. Qxd3 {[%emt 0:01:48]} e4 {[%emt 0:00:21]} 39. Qd4 {[%emt 0:01:16]} e3 {[%emt 0:02:49]} 40. Qxe3 {[%emt 0:00:44]} Bxg5 {[%emt 0:00:09]} 41. Qe8+ {[%emt 0:00:53]} Kg7 {[%emt 0:00:05]} 42. Rxh7+ {[%emt 0:00:23]} Kxh7 {[%emt 0:00:13]} 43. Bxg5 {[%emt 0:00:06]} Bxf3+ {[%emt 0:00:03]} 44. Kf2 {[%emt 0:01:39]} Bh1 {[%emt 0:00:27]} 45. Ke1 {[%emt 0:00:46]} Qa7 {[%emt 0:01:38]} 46. Ke2 {[%emt 0:01:56]} Qb7 {[%emt 0:01:07]} 47. Ke1 {[%emt 0:00:46]} Qf3 {[%emt 0:00:04]} 48. Bf4 {[%emt 0:00:20]} Qd5 {[%emt 0:00:27]} 49. Qe7 {[%emt 0:00:36]} Bf3 {[%emt 0:00:55]} 50. Kf2 {[%emt 0:00:55]} Bh1 {[%emt 0:01:41]} 51. Qxd6 {[%emt 0:00:48]} Qg2+ {[%emt 0:00:05]} 52. Ke1 {[%emt 0:00:19]} Qxb2 {[%emt 0:00:06]} 53. Be5 {[%emt 0:00:48]} Bf3 {[%emt 0:00:45]} 54. Qd2 {[%emt 0:00:17]} Qb1+ {[%emt 0:00:19]} 55. Kf2 {[%emt 0:00:11]} Qh1 {[%emt 0:00:02]} 56. Qe1 {[%emt 0:00:48]} Qg2+ {[%emt 0:00:11]} 57. Ke3 {[%emt 0:00:04]} Bd5 {[%emt 0:00:55]} 58. Bd4 {[%emt 0:01:13]} b4 {[%emt 0:00:24]} 0-1

[Event "Guimaraes Open 2019"]
[Site "Guimaraes"]
[Date "2019.08.31"]
[Round "5.10"]
[White "Ruperez Benito, Antonio"]
[Black "Carbonell Sancho, Marc"]
[Result "1-0"]
[WhiteElo "2331"]
[BlackElo "2187"]
[Annotator "NA"]
[PlyCount "63"]
[EventDate "2019.08.28"]
[EventType "swiss"]
[EventCountry "POR"]
[SourceTitle "playchess.com"]
[Source "ChessBase"]
[SourceQuality "1"]
[TimeControl "5400+30"]

1. e4 {[%emt 0:04:44]} e6 {[%emt 0:00:00]} 2. b3 {[%emt 0:00:09]} d5 {[%emt 0:00:00]} 3. Bb2 {[%emt 0:00:04]} dxe4 {[%emt 0:00:00]} 4. Nc3 {[%emt 0:00:03]} Nf6 {[%emt 0:00:00]} 5. Qe2 {[%emt 0:00:03]} Bb4 {[%emt 0:00:00]} 6. O-O-O {[%emt 0:00:04]} Qe7 {[%emt 0:00:00]} 7. Nxe4 {[%emt 0:00:12]} Ba3 {[%emt 0:00:06]} 8. Nxf6+ {[%emt 0:00:07]} Qxf6 {[%emt 0:00:04]} 9. d4 {[%emt 0:00:04]} Bxb2+ {[%emt 0:01:34]} 10. Kxb2 {[%emt 0:00:05]} O-O {[%emt 0:01:39]} 11. Nf3 {[%emt 0:01:17]} Nd7 {[%emt 0:07:31]} 12. Qe3 {[%emt 0:17:14]} a5 {[%emt 0:05:06]} 13. a4 {[%emt 0:02:36]} Re8 {[%emt 0:01:45]} 14. Ne5 {[%emt 0:05:56]} Nb6 {[%emt 0:05:20]} 15. Bd3 {[%emt 0:03:06]} Nd5 {[%emt 0:01:35]} 16. Qe4 {[%emt 0:03:16]} g6 {[%emt 0:00:07]} 17. g3 {[%emt 0:11:38]} Qg7 {[%emt 0:19:11]} 18. h4 {[%emt 0:02:02]} f6 {[%emt 0:02:16]} 19. Nf3 {[%emt 0:00:10]} Bd7 {[%emt 0:00:47]} 20. h5 {[%emt 0:11:48]} Kf7 {[%emt 0:09:03]} 21. hxg6+ {[%emt 0:05:59]} hxg6 {[%emt 0:00:11]} 22. c4 {[%emt 0:05:36]} Nb4 {[%emt 0:00:59]} 23. Qf4 {[%emt 0:00:08]} Kg8 {[%emt 0:03:28]} 24. Be4 {[%emt 0:11:25]} c5 {[%emt 0:04:54]} 25. Rh6 {[%emt 0:03:33]} g5 {[%emt 0:07:01]} 26. Qxf6 {[%emt 0:00:08]} Qf8 27. Qxf8+ {[%emt 0:00:00] Bc6 Rg6+} Kxf8 {[%emt 0:00:03]} 28. Bc6 {[%emt 0:03:00]} Nxc6 {[%emt 0:00:02]} 29. dxc5 {[%emt 0:00:41]} Rad8 {[%emt 0:23:44] Rh1} 30. Rd3 {[%emt 0:02:23] Nxg5} Nd4 {[%emt 0:00:00]} 31. Rh8+ {[%emt 0:03:18]} Ke7 {[%emt 0:00:00]} 32. Rh7+ {[%emt 0:00:00] Kd8 Nf7+ Kc7 Ne5+} 1-0

[Event "Guimaraes Open 2019"]
[Site "Guimaraes"]
[Date "2019.08.31"]
[Round "5.11"]
[White "Rodrigues, Afonso"]
[Black "Sanchez Aller, Fernando"]
[Result "0-1"]
[WhiteElo "2134"]
[BlackElo "2331"]
[Annotator "NA"]
[PlyCount "48"]
[EventDate "2019.08.28"]
[EventType "swiss"]
[EventCountry "POR"]
[SourceTitle "playchess.com"]
[Source "ChessBase"]
[SourceQuality "1"]
[TimeControl "5400+30"]

1. d4 {[%emt 0:00:00]} Nf6 {[%emt 0:00:00]} 2. Bf4 {[%emt 0:00:00]} g6 {[%emt 0:00:00]} 3. e3 {[%emt 0:00:00]} Bg7 {[%emt 0:00:00]} 4. Nf3 {[%emt 0:00:00]} O-O {[%emt 0:00:18]} 5. Be2 {[%emt 0:00:01]} d6 {[%emt 0:00:51]} 6. h3 {[%emt 0:00:22]} c5 {[%emt 0:00:09]} 7. c3 {[%emt 0:00:14]} b6 {[%emt 0:00:05]} 8. O-O {[%emt 0:00:27]} Bb7 {[%emt 0:00:06]} 9. Bh2 {[%emt 0:00:21]} Nbd7 {[%emt 0:00:07]} 10. a4 {[%emt 0:00:21]} a6 {[%emt 0:00:06]} 11. Nbd2 {[%emt 0:01:04]} Ra7 {[%emt 0:00:29]} 12. b4 {[%emt 0:18:40]} Qa8 {[%emt 0:03:40]} 13. bxc5 {[%emt 0:04:41]} bxc5 {[%emt 0:00:28]} 14. Nc4 {[%emt 0:08:05]} Ne4 {[%emt 0:02:03]} 15. Qb3 {[%emt 0:11:17]} Bd5 {[%emt 0:01:45]} 16. Qa3 {[%emt 0:00:30]} Rc8 {[%emt 0:04:07]} 17. Rfc1 {[%emt 0:06:44]} Rac7 {[%emt 0:01:41]} 18. Na5 {[%emt 0:02:14]} cxd4 {[%emt 0:01:19]} 19. cxd4 {[%emt 0:00:13]} Nc3 {[%emt 0:01:38]} 20. Bc4 {[%emt 0:07:48]} Rxc4 {[%emt 0:02:36]} 21. Nxc4 {[%emt 0:02:07]} Ne2+ {[%emt 0:01:23]} 22. Kf1 {[%emt 0:00:12]} Nxc1 {[%emt 0:00:37]} 23. Na5 {[%emt 0:04:54]} Bxf3 {[%emt 0:01:34]} 24. gxf3 {[%emt 0:00:03]} Qd5 {[%emt 0:00:22]} 0-1

[Event "Guimaraes Open 2019"]
[Site "Guimaraes"]
[Date "2019.08.31"]
[Round "5.12"]
[White "Camarena Jimenez, Rufino"]
[Black "Garcia Romero, Benjamin Abel"]
[Result "0-1"]
[WhiteElo "2317"]
[BlackElo "2164"]
[Annotator "NA"]
[PlyCount "140"]
[EventDate "2019.08.28"]
[EventType "swiss"]
[EventCountry "POR"]
[SourceTitle "playchess.com"]
[Source "ChessBase"]
[SourceQuality "1"]
[TimeControl "5400+30"]

1. d4 {[%emt 0:00:00]} d5 {[%emt 0:03:54]} 2. c4 {[%emt 0:00:00]} c6 {[%emt 0:00:05]} 3. Nf3 {[%emt 0:00:00]} Nf6 {[%emt 0:00:08]} 4. e3 {[%emt 0:00:08]} a6 {[%emt 0:01:03]} 5. Bd3 {[%emt 0:00:55]} Bg4 {[%emt 0:00:20]} 6. Nbd2 {[%emt 0:00:14]} Nbd7 {[%emt 0:00:26]} 7. Qc2 {[%emt 0:00:24]} e6 {[%emt 0:00:10]} 8. b3 {[%emt 0:02:30]} Bd6 {[%emt 0:01:04]} 9. Bb2 {[%emt 0:00:20]} Qe7 {[%emt 0:00:45]} 10. O-O {[%emt 0:13:59]} Bxf3 {[%emt 0:00:40]} 11. Nxf3 {[%emt 0:00:16]} Ba3 {[%emt 0:00:06]} 12. Bxa3 {[%emt 0:05:28]} Qxa3 {[%emt 0:00:48]} 13. b4 {[%emt 0:01:00]} a5 {[%emt 0:01:03]} 14. b5 {[%emt 0:00:49]} dxc4 {[%emt 0:00:44]} 15. Bxc4 {[%emt 0:02:07]} c5 {[%emt 0:07:23]} 16. e4 {[%emt 0:09:34]} cxd4 {[%emt 0:04:29]} 17. e5 {[%emt 0:02:38]} d3 {[%emt 0:00:13]} 18. Bxd3 {[%emt 0:00:58]} Nd5 {[%emt 0:00:43]} 19. Bxh7 {[%emt 0:15:33]} g6 {[%emt 0:20:01]} 20. Bxg6 {[%emt 0:01:02]} fxg6 {[%emt 0:04:06]} 21. Qxg6+ {[%emt 0:00:20]} Kd8 {[%emt 0:10:26]} 22. Qxe6 {[%emt 0:01:04]} Nf4 {[%emt 0:02:07]} 23. Qg4 {[%emt 0:04:00]} Qb4 {[%emt 0:01:21]} 24. Nd4 {[%emt 0:21:19]} Rf8 {[%emt 0:04:02]} 25. Rfd1 {[%emt 0:01:49]} Ke8 {[%emt 0:07:40]} 26. Nc6 {[%emt 0:02:34]} Ne2+ {[%emt 0:00:54]} 27. Qxe2 {[%emt 0:00:08]} bxc6 {[%emt 0:00:04]} 28. bxc6 {[%emt 0:00:19]} Nc5 {[%emt 0:00:49]} 29. e6 {[%emt 0:01:18]} Rf5 {[%emt 0:02:31]} 30. Rab1 {[%emt 0:01:28]} Qf4 {[%emt 0:00:17]} 31. e7 {[%emt 0:01:49]} Re5 {[%emt 0:01:27]} 32. Qc2 {[%emt 0:02:27]} Kxe7 {[%emt 0:08:16]} 33. Qh7+ {[%emt 0:00:22]} Kf6 {[%emt 0:00:24]} 34. g3 {[%emt 0:01:25]} Qf5 {[%emt 0:02:44]} 35. Qh4+ {[%emt 0:01:02]} Kg6 {[%emt 0:00:34]} 36. c7 {[%emt 0:03:18]} Rf8 {[%emt 0:01:54]} 37. f4 {[%emt 0:02:11]} Ne6 {[%emt 0:08:25]} 38. Rb8 {[%emt 0:01:01]} Rc5 {[%emt 0:04:47]} 39. Rxf8 {[%emt 0:00:31]} Nxf8 {[%emt 0:00:18]} 40. Qd8 {[%emt 0:00:41]} Nh7 {[%emt 0:00:42]} 41. Qe8+ {[%emt 0:00:41]} Kh6 {[%emt 0:00:24]} 42. Rd6+ {[%emt 0:00:35]} Nf6 {[%emt 0:00:09]} 43. Qf8+ {[%emt 0:00:28]} Kh5 {[%emt 0:00:29]} 44. Qf7+ {[%emt 0:01:31]} Kg4 {[%emt 0:00:21]} 45. Rd1 {[%emt 0:00:36]} Rc2 {[%emt 0:00:58]} 46. c8=Q {[%emt 0:01:10]} Rxc8 {[%emt 0:00:24]} 47. Qg7+ {[%emt 0:00:26]} Kh3 {[%emt 0:00:54]} 48. Qh6+ {[%emt 0:00:28]} Nh5 {[%emt 0:00:08]} 49. Qb6 {[%emt 0:00:26]} Rc2 {[%emt 0:00:16]} 50. Qe3 {[%emt 0:00:34]} Qg4 {[%emt 0:00:54]} 51. Rd2 {[%emt 0:00:39]} Rc1+ {[%emt 0:00:42]} 52. Kf2 {[%emt 0:00:03]} Rh1 {[%emt 0:00:13]} 53. Re2 {[%emt 0:01:05]} Rxh2+ {[%emt 0:01:34]} 54. Ke1 {[%emt 0:00:11]} Rh1+ {[%emt 0:00:11]} 55. Kd2 {[%emt 0:00:41]} Nxg3 {[%emt 0:00:09]} 56. Re1 {[%emt 0:00:49]} Qd7+ {[%emt 0:00:40]} 57. Kc3 {[%emt 0:00:21]} Qc6+ {[%emt 0:00:11]} 58. Kb2 {[%emt 0:00:39]} Rh2+ {[%emt 0:00:27]} 59. Ka1 {[%emt 0:00:15]} Qc4 {[%emt 0:01:40]} 60. Qe6+ {[%emt 0:00:16]} Qxe6 {[%emt 0:00:05]} 61. Rxe6 {[%emt 0:00:03]} Kg4 {[%emt 0:00:17]} 62. Re5 {[%emt 0:00:23]} a4 {[%emt 0:01:20]} 63. Ra5 {[%emt 0:00:18]} Kxf4 {[%emt 0:00:09]} 64. Rxa4+ {[%emt 0:00:08]} Ne4 {[%emt 0:00:04]} 65. Rb4 {[%emt 0:00:39]} Ke3 {[%emt 0:00:13]} 66. Rb2 {[%emt 0:01:47]} Nd2 {[%emt 0:00:07]} 67. a4 {[%emt 0:00:29]} Kd3 {[%emt 0:00:19]} 68. Rb8 {[%emt 0:00:47]} Kc3 {[%emt 0:00:19]} 69. Rc8+ {[%emt 0:00:17]} Kb3 {[%emt 0:00:17]} 70. Rb8+ {[%emt 0:00:43]} Ka3 {[%emt 0:00:10]} 0-1

[Event "Guimaraes Open 2019"]
[Site "Guimaraes"]
[Date "2019.08.31"]
[Round "5.13"]
[White "Pinheiro, Albano Pedro"]
[Black "Nieves Cabanes, Jose Manuel"]
[Result "0-1"]
[WhiteElo "1989"]
[BlackElo "2311"]
[Annotator "NA"]
[PlyCount "68"]
[EventDate "2019.08.28"]
[EventType "swiss"]
[EventCountry "POR"]
[SourceTitle "playchess.com"]
[Source "ChessBase"]
[SourceQuality "1"]
[TimeControl "5400+30"]

1. e4 {[%emt 0:00:00]} e6 {[%emt 0:00:00]} 2. d4 {[%emt 0:00:00]} d5 {[%emt 0:00:00]} 3. exd5 {[%emt 0:00:00]} exd5 {[%emt 0:00:00]} 4. Nf3 {[%emt 0:00:00]} Nf6 {[%emt 0:01:03]} 5. Bd3 {[%emt 0:00:00]} c5 {[%emt 0:00:12]} 6. Qe2+ {[%emt 0:00:26]} Be7 {[%emt 0:02:18]} 7. dxc5 {[%emt 0:00:52]} O-O {[%emt 0:02:07]} 8. O-O {[%emt 0:00:07]} Bxc5 {[%emt 0:02:30]} 9. Bg5 {[%emt 0:02:49]} h6 {[%emt 0:04:07]} 10. Bh4 {[%emt 0:04:56]} Nc6 {[%emt 0:03:05]} 11. h3 {[%emt 0:04:23]} Qd6 {[%emt 0:01:36]} 12. Bxf6 {[%emt 0:13:21]} Qxf6 {[%emt 0:00:19]} 13. Nc3 {[%emt 0:00:07]} Be6 {[%emt 0:02:12]} 14. Nd2 {[%emt 0:19:13]} Bd4 {[%emt 0:03:43]} 15. Qf3 {[%emt 0:02:46]} Qg5 {[%emt 0:05:06]} 16. Rfd1 {[%emt 0:17:26]} Ne5 {[%emt 0:01:00]} 17. Qe2 {[%emt 0:01:49]} Bxh3 {[%emt 0:00:13]} 18. Qf1 {[%emt 0:00:10]} Nxd3 {[%emt 0:16:26]} 19. cxd3 {[%emt 0:00:21]} Bg4 {[%emt 0:00:24]} 20. Nb3 {[%emt 0:03:26]} Bxc3 {[%emt 0:00:38]} 21. bxc3 {[%emt 0:00:08]} Bxd1 {[%emt 0:00:05]} 22. Qxd1 {[%emt 0:00:25]} Rac8 {[%emt 0:00:47]} 23. Rc1 {[%emt 0:00:22]} Rc6 {[%emt 0:00:39]} 24. Nd4 {[%emt 0:00:39]} Rg6 {[%emt 0:00:15]} 25. g3 {[%emt 0:00:06]} f5 {[%emt 0:01:42]} 26. Nf3 {[%emt 0:03:43]} Qe7 {[%emt 0:02:17]} 27. Qb3 {[%emt 0:02:37]} Rxg3+ {[%emt 0:00:33]} 28. fxg3 {[%emt 0:00:38]} Qe3+ {[%emt 0:00:04]} 29. Kg2 {[%emt 0:00:15]} Qxc1 {[%emt 0:00:36]} 30. Qxd5+ {[%emt 0:00:07]} Kh7 {[%emt 0:00:27]} 31. Qc5 {[%emt 0:01:50]} Rf6 {[%emt 0:00:46]} 32. d4 {[%emt 0:01:55]} Qc2+ {[%emt 0:00:22]} 33. Kh3 {[%emt 0:01:59]} f4 {[%emt 0:00:29]} 34. Qh5 {[%emt 0:00:59]} Rf5 {[%emt 0:01:36]} 0-1